000 00398nam a2200121Ia 4500
008 220620s9999||||xx |||||||||||||| ||und||
245 0 _aAcute Ischemic Stroke
546 _aEnglish[eng]
650 _aNeurology & clinical neurophysiology
700 _aC&#233, Julio||Garc&#237, sar||Rodr&#237, a
856 _uhttps://mts.intechopen.com/storage/books/931/authors_book/authors_book.pdf
942 _cEB
999 _c32291
_d32291